Measuring intelligence of Indian children (Record no. 77732)

MARC details
000 -LEADER
fixed length control field 00836cam a22002531 4500
001 - CONTROL NUMBER
control field sa 68001135
003 - CONTROL NUMBER IDENTIFIER
control field DLC
005 - DATE AND TIME OF LATEST TRANSACTION
control field 20260227112430.0
008 - FIXED-LENGTH DATA ELEMENTS--GENERAL INFORMATION
fixed length control field 710903s1967 ii a b 00010 eng
010 ## - LIBRARY OF CONGRESS CONTROL NUMBER
LC control number sa 68001135 //r862
025 ## - OVERSEAS ACQUISITION NUMBER
Overseas acquisition number PL480:I-E-9109
043 ## - GEOGRAPHIC AREA CODE
Geographic area code a-ii---
050 0# - LIBRARY OF CONGRESS CALL NUMBER
Classification number LB1131
Item number .K27 1967
082 ## - DEWEY DECIMAL CLASSIFICATION NUMBER
Classification number 153.9/0954
100 10 - MAIN ENTRY--PERSONAL NAME
Personal name Kamat, Venkatrao Vithal,
Dates associated with a name 1888-
245 10 - TITLE STATEMENT
Title Measuring intelligence of Indian children
Statement of responsibility, etc. [by] V. V. Kamat. With a foreword by John M. McKenzie.
250 ## - EDITION STATEMENT
Edition statement 4th ed.,
Remainder of edition statement with the assistance of Prema Pai.
260 0# - PUBLICATION, DISTRIBUTION, ETC.
Place of publication, distribution, etc. [Bombay,
-- New York]
Name of publisher, distributor, etc. Indian Branch, Oxford University Press,
Date of publication, distribution, etc. 1967.
300 ## - PHYSICAL DESCRIPTION
Extent xvi, 322 p.
Other physical details illus.
Dimensions 22 cm.
350 ## - PRICE (NR) (BK AM CF MU VM SE) [OBSOLETE]
Price Rs20
504 ## - BIBLIOGRAPHY, ETC. NOTE
Bibliography, etc. note Bibliography: p. [312]-316.
650 #0 - SUBJECT ADDED ENTRY--TOPICAL TERM
Topical term or geographic name entry element Educational tests and measurements
Geographic subdivision India.
650 #0 - SUBJECT ADDED ENTRY--TOPICAL TERM
Topical term or geographic name entry element Children
Geographic subdivision India.

No items available.

Powered by Koha